[Event "PV Province-ch"]
[Site "Vigevano"]
[Date "2007.01.06"]
[Round "5"]
[White "Sparpaglione, Bruno"]
[Black "Giuberchio, Cesare"]
[Result "0-1"]
[WhiteElo "1772"]
[BlackElo "1937"]
[PlyCount "60"]
[EventDate "2007.01.04"]
[EventType "swiss"]
[EventRounds "5"]
[EventCountry "ITA"]
[SourceTitle "EXT 2010"]
[Source "ChessBase"]
[SourceDate "2010.11.25"]
[SourceVersion "1"]
[SourceVersionDate "2010.11.25"]
[SourceQuality "1"]

1. d4 Nf6 2. Nf3 c5 3. e3 b6 4. c4 Bb7 5. Nc3 g6 6. d5 Bg7 7. Be2 0-0 8. 0-0 d6 9. Nd2 Nbd7 10. h3 a6 11. a4 e6 12. e4 Qe7 13. Nf3 Rfe8 14. Bd3 exd5 15. exd5 Ne5 16. Nxe5 Qxe5 17. Qc2 Bc8 18. Ne2 Nd7 19. Ra2 Qh5 20. f4 Nf6 21. Rf3 Ra7 22. Be3 Rae7 23. Ng3 Qh6 24. Nf1 Nh5 25. Kh2 Rxe3 26. Nxe3 Rxe3 27. Qf2 Rxf3 28. Qxf3 Nxf4 29. b3 Be5 30. Kh1 Nxd3 0-1

[Event "Novi Ligure op 1st"]
[Site "Novi Ligure"]
[Date "2006.10.15"]
[Round "4"]
[White "Bozzali, Ermanno"]
[Black "Sparpaglione, Bruno"]
[Result "1-0"]
[WhiteElo "2099"]
[BlackElo "1760"]
[PlyCount "45"]
[EventDate "2006.10.13"]
[EventType "swiss"]
[EventRounds "5"]
[EventCountry "ITA"]
[SourceTitle "EXT 2007"]
[Source "ChessBase"]
[SourceDate "2006.11.23"]
[SourceVersion "1"]
[SourceVersionDate "2006.11.23"]
[SourceQuality "1"]

1. e4 c6 2. d4 d5 3. Nc3 dxe4 4. Nxe4 Nf6 5. Nxf6+ exf6 6. Be3 Be6 7. Nf3 Be7 8. Qd2 Nd7 9. c4 Nb6 10. Rc1 0-0 11. Bd3 Re8 12. Qc2 g6 13. h4 Bg4 14. h5 Bxh5 15. Rxh5 gxh5 16. Kf1 Bf8 17. Bxh7+ Kh8 18. Qf5 Bg7 19. Qxh5 Qc7 20. Nh4 Rxe3 21. fxe3 f5 22. Nxf5 f6 23. Ke2 1-0